000 00833nam a2200229 a 4500
001 80079
003 BD-RjUL
005 20220704113337.0
008 220704s2021 bg ||||| |||| 00| 0 ben d
020 _a9847000000644
035 _a(BD-RjUL)80079
040 _aBD-RjUL
_beng
_cBD-RjUL
041 _aben
082 _223
_a973
_bMUC 2021
100 _aমুহাম্মদ, আনু
_93992
245 _a কলম্বাসের আমেরিকা আবিস্কার ও বহুজাতিক মানুষেরা /
_cআনু মুহাম্মদ
260 _aঢাকা :
_bজাতীয় সাহিত্য প্রকাশ,
_c২০২১
300 _a১১২ পৃ.;
_c২২ সেমি.
650 _aআমেরিকা
_93993
650 _aAmerica
_93994
942 _2ddc
_cBK
999 _c80079
_d80079